|
|
|
|
| LEADER |
00000nam0a2200000 4500 |
| 001 |
132635 |
| 005 |
20231101220358.0 |
| 035 |
|
|
|a (RuTPU)RU\TPU\book\143618
|
| 090 |
|
|
|a 132635
|
| 100 |
|
|
|a 20080305d1980 km y0rusy50 ca
|
| 101 |
0 |
|
|a rus
|
| 102 |
|
|
|a RU
|
| 105 |
|
|
|a a z 001zy
|
| 200 |
1 |
|
|a Дистилляционные опреснительные установки
|f В. И. Слесаренко
|
| 210 |
|
|
|a Москва
|c Энергия
|d 1980
|
| 215 |
|
|
|a 244 с.
|c ил.
|
| 320 |
|
|
|9 572
|a Библиогр.: с. 237-242
|
| 606 |
1 |
|
|a Опреснители
|x Санитарная техника
|2 stltpush
|3 (RuTPU)RU\TPU\subj\47118
|9 66184
|
| 610 |
1 |
|
|a опреснительные установки
|
| 610 |
1 |
|
|a дистилляраторы
|
| 610 |
1 |
|
|a дистилляционные установки
|
| 610 |
1 |
|
|a водоопреснительные установки
|
| 610 |
1 |
|
|a параметры
|
| 610 |
1 |
|
|a тепловые схемы
|
| 610 |
1 |
|
|a расчет
|
| 610 |
1 |
|
|a расчет
|
| 610 |
1 |
|
|a термическое опреснение
|
| 610 |
1 |
|
|a конструкции
|
| 610 |
1 |
|
|a компоновка
|
| 675 |
|
|
|a 628.165
|v 3
|
| 700 |
|
1 |
|a Слесаренко
|b В. И.
|g Владимир Николаевич
|
| 801 |
|
1 |
|a RU
|b 63413507
|c 20080228
|g PSBO
|
| 801 |
|
2 |
|a RU
|b 63413507
|c 20210426
|g PSBO
|
| 942 |
|
|
|c BK
|